| 000 | 00370 a2200121 4500 | ||
|---|---|---|---|
| 001 | ART_42780 | ||
| 005 | 20260410161737.0 | ||
| 008 | 260409a | ||
| 245 | 1 | 0 | _aEl combate perpetuo |
| 100 | 1 | _aBotana, Natalio | |
| 700 | 1 | _aSturzenegger, Adolfo | |
| 773 | 0 |
_tEjecutivos de finanzas _gXIV Congreso del I.A.E.F. - Año 13, Nº 135 (mayo 1997) _wREV2863 |
|
| 999 |
_c18426 _d18426 |
||